| 000 | 00822pam a2200289 i 4500 | ||
|---|---|---|---|
| 999 |
_c47641 _d47641 |
||
| 001 | 2265323 | ||
| 005 | 20190806155136.0 | ||
| 008 | 781228s1979 mau b 001 0 eng | ||
| 010 | _a 78031761 | ||
| 020 | _a0878722173 | ||
| 040 |
_aDLC _cDLC _dDLC |
||
| 100 | 1 |
_aNeusner, Jacob, _d1932-2016. |
|
| 245 | 1 | 4 |
_aThe way of Torah : _ban introduction to Judaism / _cJacob Neusner. |
| 250 | _a3d ed. | ||
| 260 |
_aCalifornia : _bWadsworth, _cc1979. |
||
| 300 |
_axxii, 164 p. ; _c24 cm. |
||
| 336 | _atext | ||
| 337 | _aunmediated | ||
| 338 | _avolume | ||
| 490 | 0 | _aThe Religious life of man. | |
| 500 | _aIncludes index. | ||
| 504 | _aBibliography: p.146-160. | ||
| 650 | 0 | _aJudaism. | |
| 700 |
_aStreng, Frederick J. _eseries ed. |
||
| 906 |
_a7 _bcbc _corignew _d1 _eocip _f19 _gy-gencatlg |
||
| 942 |
_2lcc _cBK |
||